00421nam a2200133Ia 4500008004100000020001500041050002000056082001900076100002000095245005200115260003800167300001100205650007100216121101s9999 xx 000 0 und d a9684392133 aQA107 bB3 1999 a513 B178a 1999 aBaldor, Aurelio aAritmética: Teorico practica / Aurelio Baldor aMéxico : Publicaciones Cultural a640 p. a1. ARITMÉTICA - PROBLEMAS, EJERCICIOS, ETC. 2. MATEMÁTICASÌ